Príbehy drobného šialenstva

Bibliographic Details
Main Author: E.K (Author)
Format: Article
Language:Slovak
Subjects:

MARC

LEADER 00000nab a2200000 a 4500
001 vtls000012933
003 SK-MaSNL
005 20260304074622.0
008 250423c1978 xo 0 slo
015 |a SNBRB19rr/mm-uuuuu 
035 |a CL0023027 
035 |a urn:nbn:sk:snk-abb74b 
035 |a (urnnbn)urn:nbn:sk:snk:ar-00488p 
035 |a (uuid)b58cdc28-3a06-4f54-a5cd-5cd89a60d7ce 
040 |a SNKBUCL  |b slo  |c SNKBUCL  |e AACR2 
041 0 |a slo 
044 |a xo  |c SK 
080 |a 82(091):840"19":92  |2 1981 
080 |a 840"19"  |2 1981 
080 |a 840(091)"19"  |2 1981 
080 |a 92 Le Clézio, J.M.  |2 1981 
100 1 |a E.K.  |4 aut  |9 399361 
245 1 0 |a Príbehy drobného šialenstva  |c E.K. 
600 1 7 |a Le Clézio, Jean-Marie Gustave,  |d 1940-  |2 snkbucl  |9 118418 
655 7 |a články z novín a časopisov  |2 snkbucl  |9 267496 
655 7 |a články z odboru literárna veda a krásna literatúra  |2 snkbucl  |9 770045 
773 0 |t Revue svetovej literatúry  |g Roč. 14, č. 6 (1978), s. 71 
850 |a Slovenská národná knižnica 
852 |a Slovenská národná knižnica 
958 |a article15 
958 |a RK 
958 |a LX 
958 |a OND 
958 |a EUIPO 
999 |c 2777050  |d 2778980